Responses for show #1737 - Tuesday, March 3, 1992

1992 Teen Tournament semifinal game 2.

Contestants

Raj Raghavan, a junior from Plano, Texas

Jill Young, a junior from Oshkosh, Wisconsin

Matt Kane, a senior from Tulsa, Oklahoma

Jeopardy! Round responses

U.S. CITIES
TIME
COMIC BOOKS
THE APOSTLES
TRANSPORTATION
ANAGRAMS
    $100 5
Salt Lake City

Raj
    $100 11
the fourth dimension

Raj
    $100 16
(Raj: Who is Steven Spielberg?)

Roger Rabbit

MattRaj
    $100 26
Thomas

Raj
    $100 21
(Raj: What are papyrus boats?)

rafts

MattRaj
    $100 6
lime (from Emil)

Jill
    $200 4
New Haven

Raj
    $200 12
relative

Matt
    $513 17
(Matt: Who are the Bundys?)

Married... with Children

Matt
    $200 27
a stone (a rock)

Raj
    $200 22
steam

Matt
    $200 7
Oslo (from solo)

Raj
    $300 3
Alabama

Matt
    $300 13
30

Jill
    $300 18
Robin

Raj
    $300 28
taxes

Jill
    $300 23
the elevated train

Raj
    $300 8
a loan (from Nola)

Matt
    $400 1
Savannah

Matt
    $400 14
full moons

Jill
    $400 19
Gals

Raj
    $400 29
John

Raj
    $400 24
a truck

Raj
    $400 9
a taper (from Petra)

Jill
    $500 2
(Raj: What is Anchorage?)

Seattle

MattRaj
    $500 15
midnight

Raj
    $500 20
a (good) witch

Raj
    $500 30
Andrew

Matt
    $500 25
a 747

Matt
    $500 10
earl (from real)

Triple Stumper

Scores at the first commercial break (after clue 15):

Matt Jill Raj
$1,700 $1,200 $600

Scores at the end of the Jeopardy! Round:

Matt Jill Raj
$2,587 $1,500 $3,000

Double Jeopardy! Round responses

EUROPEAN HISTORY
FAMOUS WOMEN
FACTS & FIGURES
BOTANY
AWARDS
"B" IN LITERATURE
    $200 13
Mussolini

Raj
    $200 22
Barbara Walters

Jill
    $200 3
pizzas

Jill
    $200 18
deciduous

Matt
    $200 10
the NAACP

Jill
    $200 1
the Bounty

Raj
    $400 14
Monaco

Raj
    $400 23
(Matt: Who is Anne?)

Sarah Ferguson

MattRaj
    $400 4
electric power

Jill
    $400 27
oxygen

Jill
    $400 11
the Pulitzer Prize

Raj
    $400 2
blank verse

Matt
    $600 15
Victoria

Raj
    $600 24
(Matt: Who is Marcos?)
(Alex: Be more specific.)

Imelda Marcos

Matt
    $600 5
the Hubble Telescope

Jill
    $600 28
a monarch butterfly

Jill
    $600 19
Edgar Allan Poe

Jill
    $600 8
The Brothers Karamazov

Matt
    $800 16
(Matt: Who is Kaiser Wilhelm?)
(Raj: Who is Hindenburg?)

Otto von Bismarck

MattRaj
Triple Stumper
    $800 25
Susan B. Anthony

Raj
    $800 6
(Matt: What is mail?)
(Alex: Be more specific.)

junk mail

Matt
    $800 29
the saguaro

Matt
    $800 20
the Newbery Medal

Jill
    $800 9
Bumble

Triple Stumper
    $1000 17
Huguenots

Raj
    $1000 26
Jeane Kirkpatrick

Matt
    $1000 7
Pennsylvania

Raj
    $1,526 30
(Matt: What is transpiration?)

osmosis

Matt
    $1000 21
(Raj: What is the Heisman Trophy?)

the Sullivan Award

Raj
Triple Stumper
    $1000 12
Pearl Buck

Raj

Scores at the end of the Double Jeopardy! Round:

Matt Jill Raj
$4,261 $5,500 $7,200

[wagering suggestions for these scores]

Final Jeopardy! Round responses

COMPOSERS
[Matt drew his "Who" in outline style.]
[NOTE: Both Matt & Jill included those long strings of punctuation marks and it is not archivist keyboard gone haywire.]
MattWho was Paul McCartney?????????????
$4,152
JillWho is Paul McCartney?!!!!!!!
$5,499
RajWho was Handel?
$3,801
Paul McCartney

Final scores:

Matt Jill Raj
$8,413 $10,999 $3,399
2nd place: $5,000 Finalist 3rd place: $5,000

Game dynamics:

Coryat scores:

Matt Jill Raj
$6,300 $5,500 $7,200
17 R,
4 W
(including 2 DDs)
14 R
(including 1 DD),
0 W
23 R,
5 W

Combined Coryat: $19,000

The J! Archive is created by fans, for fans. The Jeopardy! game show and all elements thereof, including but not limited to copyright and trademark thereto, are the property of Jeopardy Productions, Inc. and are protected under law. This website is not affiliated with, sponsored by, or operated by Jeopardy Productions, Inc. Join the discussion at JBoard.tv.